| 000 | 00681cam a22002413a 4500 | ||
|---|---|---|---|
| 001 | 6679 | ||
| 003 | PGUSA | ||
| 005 | 20140828083135.0 | ||
| 008 | 041001s2004||||xxu|||||s|||||000 1 eng d | ||
| 040 |
_aPGUSA _beng |
||
| 042 | _adc | ||
| 050 | 4 | _aPS | |
| 100 | 1 |
_aWoolson, Constance Fenimore, _d1840-1894 |
|
| 245 | 1 | 4 |
_aThe Old Stone House _h[electronic resource] / _cConstance Fenimore Woolson |
| 260 |
_bProject Gutenberg, _c2004 |
||
| 506 | _aPublic domain in the USA. | ||
| 516 | _aElectronic text | ||
| 653 | _aOrphans -- Fiction | ||
| 653 | _aCousins -- Fiction | ||
| 830 | 0 |
_aProject Gutenberg _v6679 |
|
| 856 | 4 | 0 | _uhttp://www.gutenberg.org/ebooks/6679 |
| 942 | _cEB | ||
| 999 |
_c235999 _d235999 |
||